Apuntes de Derecho Civil /

Guardado en:
Autor Principal: Lafaille, Héctor
Formato: Libro
Idioma:Spanish
Publicado: Buenos Aires : Ediar, 1921
Etiquetas: Agregar Etiqueta
Sin Etiquetas, Sea el primero en etiquetar este registro!
LEADER 00353nam a22001215a 4500
001 DER.der012587
005 20140313000000.0
008 180615s1921####||||||||||||||||||||spa||
100 1 |a Lafaille, Héctor 
245 1 0 |a Apuntes de Derecho Civil /  |c Héctor Lafaille 
260 |a Buenos Aires :  |b Ediar,  |c 1921 
300 0 |a 375 p. 
859 |a DERECHO  |b BIB. DERECHO  |h 346  |i LAF  |p 007427